000
00314nam a2200133Ia 4500
008
190216s9999||||xx |||||||||||||| ||und||
100
_a
Anilkumar De
245
0
_a
Environmental Chemistry
250
_a
2nd Ed.
260
_b
Wiley Eastern Ltd
_c
1990
300
_a
340
650
_a
Chemistry-Chemistry
942
_c
BK
999
_c
2884
_d
2884